L'influence de l'accroissement de la puissance unitaire des groupes thermiques et nucléaires sur les échanges d'énergie internationaux en Europe occidentale (Запись № 8198431)

Подробности
000 -МАРКЕР
контрольное поле 01543nam0a22003491 4500
001 - ИДЕНТИФИКАТОР ЗАПИСИ
контрольное поле RU\NLR\INFOCOMM_36\5000228199
005 - ИДЕНТИФИКАТОР ВЕРСИИ
контрольное поле 20250613102044.0
035 ## - ДРУГИЕ СИСТЕМНЫЕ НОМЕРА
Идентификатор записи (NLR Aleph) 009416917
100 ## - ДАННЫЕ ОБЩЕЙ ОБРАБОТКИ
Данные общей обработки 20101217d1968 |||y0rusy50 ca
101 0# - ЯЗЫК РЕСУРСА
Язык текста, звукозаписи и т.д. французский
Язык резюме английский
-- русский
102 ## - СТРАНА ПУБЛИКАЦИИ ИЛИ ПРОИЗВОДСТВА
Страна публикации российская федерация
105 ## - ПОЛЕ КОДИРОВАННЫХ ДАННЫХ: ТЕКСТОВЫЕ МАТЕРИАЛЫ, МОНОГРАФИЧЕСКИЕ
Кодированные данные о монографическом текстовом документе a ||||000|y
200 1# - ЗАГЛАВИЕ И СВЕДЕНИЯ ОБ ОТВЕТСТВЕННОСТИ
Основное заглавие L'influence de l'accroissement de la puissance unitaire des groupes thermiques et nucléaires sur les échanges d'énergie internationaux en Europe occidentale
Первые сведения об ответственности [Par] K. Goldsmith ..., H. A. Luder, ing. [et] J. Wahl, ing. ...
210 ## - ПУБЛИКАЦИЯ, РАСПРОСТРАНЕНИЕ И ДР.
Место издания, распространения и т.д. [M.
Дата издания, распространения и т.д. 1968]
215 ## - ФИЗИЧЕСКАЯ ХАРАКТЕРИСТИКА
Специфическое обозначение материала и объем 24 с.
Другие сведения о физической характеристике карт., схем.
Размеры 21 см
225 1# - СЕРИЯ
Основное заглавие серии Rapport
Сведения об ответственности VII Conférence mondiale de l'énergie, Москва, 20-24 авг. 1968. Section C₅
Обозначение тома 220
300 ## - ОБЩИЕ ПРИМЕЧАНИЯ
Текст примечания Без тит. л. и обл.
300 ## - ОБЩИЕ ПРИМЕЧАНИЯ
Текст примечания Надзаголовок также на рус. яз.: VII Мировая энергетическая конференция; и на англ. яз.: VII World power conference
300 ## - ОБЩИЕ ПРИМЕЧАНИЯ
Текст примечания Резюме на англ. и рус. яз.
309 ## - ПРИМЕЧАНИЯ ОБ ОСНОВНОМ ИСТОЧНИКЕ ИНФОРМАЦИИ И ОБ ОСОБЕННОСТЯХ ПОЛИГРАФИЧЕСКОГО ОФОРМЛЕНИЯ ИЗДАНИЯ
Текст примечания Отпеч. множит. аппаратом
606 ## - НАИМЕНОВАНИЕ ТЕМЫ КАК ПРЕДМЕТ
Наименование темы Энергетические системы, объединенные
Код системы nlr_sh1
686 ## - ИНДЕКСЫ ДРУГИХ КЛАССИФИКАЦИЙ
Индекс Т7-900
Код системы
700 #1 - ИМЯ ЛИЦА - ПЕРВИЧНАЯ ОТВЕТСТВЕННОСТЬ
Начальный элемент ввода Goldsmith
Часть имени, кроме начального элемента ввода K.
Код отношения Автор
701 #1 - ИМЯ ЛИЦА - АЛЬТЕРНАТИВНАЯ ОТВЕТСТВЕННОСТЬ
Начальный элемент ввода Luder
Часть имени, кроме начального элемента ввода H. A.
Код отношения Автор
701 #1 - ИМЯ ЛИЦА - АЛЬТЕРНАТИВНАЯ ОТВЕТСТВЕННОСТЬ
Начальный элемент ввода Wahl
Часть имени, кроме начального элемента ввода J.
Код отношения Автор
712 12 - НАИМЕНОВАНИЕ ОРГАНИЗАЦИИ - ВТОРИЧНАЯ ОТВЕТСТВЕННОСТЬ
Начальный элемент ввода Conférence mondiale de l'énergie
Порядковый номер временной организации и / или порядковый номер ее части 7
Место проведения временной организации Moscou
Дата проведения временной организации 1968
Код отношения Прочие
801 #1 - ИСТОЧНИК ЗАПИСИ
Страна российская федерация
Организация NLR
Дата составления 20101217
801 #0 - ИСТОЧНИК ЗАПИСИ
Страна российская федерация
Организация NLR
Правила каталогизации PSBO
852 ## - МЕСТОНАХОЖДЕНИЕ И ШИФР ХРАНЕНИЯ
Идентификатор организации NLR
Шифр хранения (Call Number) Т15 Д-4/45
942 ## - ДОПОЛНИТЕЛЬНЫЕ ЭЛЕМЕНТЫ ЗАПИСИ (АБИС)
Тип экземпляра АБИС Книга
980 ## - КОЛЛЕКЦИЯ
Название коллекции Национальная библиография
Экземпляры
Тип экземпляра Дата поступления Библиотека постоянного хранения Библиотека текущего хранения Место хранения Шифр хранения Штрих-код Статус не для выдачи
Книга 26.10.2013 РНБ (Московский) РНБ (Московский) Иностранный книжный фонд Т15 Д-4/45 9416917-10